Statistics for 20 самых населенных городов Беларуси на 2021 год

Click here to take the quiz!

General Stats

  • This quiz has been taken 1 524 times
  • The average score is 11 of 20

Answer Stats

Численность населения на 2022 годГород% Correct
1 949 070Минск
100%
337 445Брест
87%
526 901Гомель
86%
374 713Могилёв
82%
361 445Гродно
82%
373 859Витебск
81%
170 708Барановичи
58%
84 846Полоцк
57%
135 679Пинск
53%
217 149Бобруйск
52%
104 779Солигорск
44%
99 489Лида
44%
116 707Орша
44%
145 744Борисов
44%
108 253Новополоцк
39%
111 377Мозырь
38%
93 882Молодечно
32%
75 457Жлобин
23%
69 059Светлогорск
21%
65 350Речица
20%

Score Distribution

Percentile by Number Answered

Percent of People with Each Score

Your Score History

You have not taken this quiz